| 000 | 00449nam a2200181Ia 4500 | ||
|---|---|---|---|
| 001 | 19660 | ||
| 005 | 20260306172709.0 | ||
| 008 | 260306t2009||||xx |||||||||||||| ||spa|| | ||
| 041 | _aESP | ||
| 082 |
_a340.92 _bP43 |
||
| 100 |
_aCalderón Puertas, Carlos Alberto [coord.] _eAUT |
||
| 245 | 0 | _aPersona, derecho y libertad | |
| 260 | _c2009 | ||
| 300 |
_a1158 páginas : _c25 cm. |
||
| 650 | _aGEN | ||
| 654 | _aCDE | ||
| 942 |
_cLIB _dJUS _fJUS _2ddc _n |
||
| 999 |
_c19660 _d19660 |
||